Pro Athletes by College - Statistics

General Stats
  • This quiz has been taken 261 times
  • The average score is 21 of 30
Answer Stats
Athletes School % Correct
Michael Phelps, Tom Brady, Chris Webber Michigan
100%
Marshawn Lynch, Aaron Rodgers, Jaylen Brown Cal
93%
DJ Lemahieu, Joe Burrow, Shaquille O'Neal LSU
93%
Trevor Lawrence, Elden Campbell, DeAndre Hopkins Clemson
92%
Devonta Smith, Joe Namath, Colin Sexton Alabama
87%
Candace Parker, Peyton Manning, Tobias Harris Tennessee
85%
Todd Gurley II, Anthony Edwards, Matt Stafford, Georgia
84%
Magic Johnson, Kirk Cousins, Kirk Gibson Michigan St
82%
Kareem Abdul Jabbar, Bill Walton, Troy Aikman UCLA
82%
Ryan Fitzpatrick, Jeremy Lin, Gabby Thomas Harvard
80%
TJ Hockenson, Luka Garza, George Kittle Iowa
80%
Donnovan McNabb, Carmelo Anthony, Jim Brown Syracuse
80%
Stephen Gostkowski, Penny Hardaway, Derrick Rose Memphis
79%
Barry Sanders, Cade Cunningham, Rickie Fowler Oklahoma St
78%
Hakeem Olajuwon, Case Keenum, Elvin Hayes Houston
77%
Bo Jackson, Charles Barkley, Frank Thomas Auburn
76%
Derek Carr, Paul George, Aaron Judge Fresno St
76%
Arnold Palmer, Tim Duncan, Chris Paul Wake Forest
72%
Klay Thompson, Gardner Minshew, Craig Ehlo Washington St
69%
John Elway, Tiger Woods, Katie Ledecky Stanford
66%
Ed Reed, Michael Irvin, Rick Barry Miami
61%
Andrian Dantley, Jerome Bettis Joe Montana Notre Dame
60%
Eddie George, Jack Nicklaus, Jessie Owens Ohio St
58%
Paul Pierce, Wilt Chamberlain, Nolan Cromwell Kansas
56%
Isiah Thomas, Antwon Randle El, Kyle Schwarber Indiana
51%
Diana Taurasi, Rip Hamilton, Dan Orlovsky Connecticut
40%
Steve Nash, Julie Ertz, Kurt Rambis Santa Clara
40%
Terrell Suggs, Dustin Pedroia, Phil Mickelson Arizona St
36%
Todd Frazier, Carli Lloyd, Jason McCourty Rutgers
31%
Adam Scott, Patrick McCaw, Larry Johnson UNLV
27%
No matching quizzes found
Score Distribution
Percent of People with Each Score
Percentile by Number Answered
Your Score History
You have not taken this quiz